000 00703nam a2200205Ia 4500
003 GCL
008 140319s9999 xx 000 0 ara d
040 _aGCL /
_cGCL
082 0 4 _a020
_bم م
100 1 _aمحمد فتحى عبدالهادى
245 1 0 _aمقدمة فى علم المعلومات /
_cمحمد فتحى عبدالهادى
300 _a319 ص
490 _aالهيئة العامة للاستعلامات
_v0
650 0 4 _aالمعلومات
650 0 4 _aاختزان واسترجاع المعلومات
650 0 4 _aمراكز المعلومات
650 0 4 _aشبكات المعلومات
650 0 4 _aشبكات المكتبات والمعلومات
942 _2ddc
_cBK
999 _c51738
_d51738